00632nam a2200205Ia 4500003000900000008004100009020001800050040001600068080001600084100002500100245012300125250001200248260004900260300001500309650002200324650002000346650001400366650002300380700002300403IN-BaIIA211028s9999 xx 000 0 eng d a0-7923-7270-0 cIIA Library a621.38bERI aErickson, Robert. W. 0aFundamentals of power electronicscRobert W. Erickson and Maksimovi'c Dragan  a2nd ed. aColoradobUniversity of Colorado Pressc2002 axxi, 883p. aController Design aInductor Design aMagnetics aPower electronoics aMaksimovi'c Dragan